Compromiso social empresarial en América Latina: ¿La nueva alianza para el progreso? /
Spremljeno u:
| Glavni autor: | |
|---|---|
| Format: | Tekst |
| Oznake: |
Dodaj oznaku
Bez oznaka, Budi prvi tko označuje ovaj zapis!
|
MARC
| LEADER | 00000 a a2200000 04500 | ||
|---|---|---|---|
| 001 | 4887 | ||
| 003 | |||
| 040 | |||
| 100 | |a Salamon, Lester M. | ||
| 245 | |a Compromiso social empresarial en América Latina: |b ¿La nueva alianza para el progreso? / |c Lester M. Salamon | ||
| 773 | |g volumen 29, número 1; páginas 44-57 | ||
| 999 | |c 39469 |d 39469 | ||
